000 01353cam a22003014a 4500
001 3575908
005 20030910195019.0
008 990325s2000 nyua b 001 0 eng
010 _a 99026896
020 _a0471282960 (pbk. : alk. paper)
040 _aDLC
_cDLC
_dDLC
042 _apcc
050 0 0 _aTA174
_b.D958 2000
082 0 0 _a620.0042
_222
_bDYM
100 1 _aDym, Clive L.
_99941
245 1 0 _aEngineering Design :
_ba Project-Based Introduction /
_cClive L. Dym, Patrick Little.
260 _aNew York :
_bJohn Wiley,
_cc2000.
300 _axxi, 278 p. :
_bill. ;
_c23 cm.
500 _aDonated by: Al Ahram
504 _aIncludes bibliographical references and index.
650 0 _aEngineering design.
_99942
700 1 _aLittle, Patrick.
_99943
856 4 2 _3Publisher description
_uhttp://www.loc.gov/catdir/description/wiley032/99026896.html
856 4 _3Table of Contents
_uhttp://www.loc.gov/catdir/toc/onix02/99026896.html
942 _2ddc
_cBB
999 _c13039
_d13039